000 00890nam a2200205Ia 4500
003 OSt
005 20240930155211.0
007 ca aa aaaaa
008 201103s9999 xx 000 0 und d
040 _cSSBUL
041 _abur
082 _a၁၃၃
_223
_b၉၃၃၅ S-SAT
100 0 _a စိန်ခန့်၊ ဦး၊ ဆရာ၊ ပဋ္ဌမကျော်
_917421
245 1 0 _aဘိုးဘိုးအောင်၏မဟာဂန္ဓာရီကျင့်စဉ်ကျမ်း /
_cပဋ္ဌမကျော်ဆရာ ဦးစိန်ခန့်။
260 _aရန်ကုန် ၊
_bပထမမဂ္ဂဇင်းတိုက်၊
_c၁၉၅၀။
300 _a၁၂၀ စာမျက်နှာ ၊
_c၁၈ စင်တီ။
500 _aS-SAT: S-SAT: Dr. Sai Aung Tun
650 _aလောကီပညာ
942 _2ddc
_cBK1
999 _c16860
_d16860